000 00722nam a22002177a 4500
005 20240530110540.0
008 160507s2013 ua o|||g |||| 00| 0 a d
020 _a9789772814978
040 _aEG-CaGPL
082 0 4 _a391.43
_bو غ
_221
100 0 _aوجدان حمزة
245 1 0 _aغطاء الرأس :
_bتواصل عبر العصور والاديان /
_cوجدان حمزة.
260 _aالقاهرة :
_bالمكتبة الاكاديمة،
_c2013.
300 _a206 ص. :
_bصور ؛
_c30 سم.
650 0 4 _aاغطية الراس
650 0 4 _aالعادات والتقاليد
650 0 4 _aالنساء
650 0 4 _aالحجاب
942 _2ddc
_cBK
999 _c62231
_d62231